La traduction des références culturelles slovaques en français et en anglais dans les guides touristiques diplomová práca

Gespeichert in:
Bibliographische Detailangaben
1. Verfasser: Litavcová, Lucia
Körperschaft: Fakulta aplikovaných jazykov EU v Bratislave. Katedra románskych a slovanských jazykov
Weitere Verfasser: Keresty, Ján, 1980-
Format: Buch
Sprache:Französisch
Veröffentlicht: Bratislava 2022
Tags: Tag hinzufügen
Keine Tags, Fügen Sie das erste Tag hinzu!

MARC

LEADER 00000nbm a2200000 4500
001 0284749
005 20230512123246.5
041 0 |a fre 
044 |a SK 
245 1 0 |a La traduction des références culturelles slovaques en français et en anglais dans les guides touristiques  |b diplomová práca  |c Lucia Litavcová ; školiteľ: Ján Keresty 
264 1 |a Bratislava  |c 2022 
300 |a 60 s. 
100 1 |a Litavcová, Lucia 
700 1 |a Keresty, Ján, 1980- 
710 2 |a Fakulta aplikovaných jazykov EU v Bratislave. Katedra románskych a slovanských jazykov